000
00250nam a22000977a 4500
082
_a
355
_b
ARM
_c
D
245
_a
US ARMY AIR DEFENCE ARTILLERY EMPLOYMENT CHAPARRAL
526
_a
0
_b
0
_c
0
_d
355_000000000000000_ARM
650
_a
MCE
_9
379
942
_2
ddc
_c
BK
999
_c
551978
_d
551978